| 000 | 00350nam a2200097Ia 4500 | ||
|---|---|---|---|
| 008 | 220214s9999 xx 000 0 und d | ||
| 245 | 0 | _aRubber in road engineering. Technical note No. 3-Natural rubber for roads- A review of research and experiment | |
| 260 | _bReport issued by The Natural Rubber Development Board,BRPRA | ||
| 300 | _a15p | ||
| 942 | _cRE | ||
| 999 |
_c46452 _d46452 |
||